|
|
|
|
| LEADER |
01164nam a22003371a 4500 |
| 001 |
000036066 |
| 003 |
12358 |
| 005 |
20160323000000.0 |
| 008 |
160323s2009 000 eng |
| 020 |
|
|
|a 9780194551076
|
| 041 |
|
|
|a eng
|
| 082 |
|
|
|a 420.8
|b WA-R
|2 Student's book
|
| 100 |
|
|
|a Walker, Robin Walker
|
| 245 |
|
|
|a Oxford English for careers tourism 3 Student's book
|c Robin Walker, Keith Harding
|n Student's book
|
| 260 |
|
|
|a Oxford University Press
|c 2009
|
| 300 |
|
|
|a 95p. : ill ; 30cm
|
| 650 |
|
|
|a English tourism, tourism, Robin Walker, Keith Harding, 2009
|
| 852 |
|
|
|b Chuyên đề
|c Sách tham khảo
|
| OWN |
|
|
|a LNN
|
| AVA |
|
|
|a UDN50
|b LNN
|d 420.8 WA-R
|e available
|t Error 5001 Not defined in file expand_doc_bib_avail.
|f 1
|g 0
|h N
|i 0
|k 1
|
| 999 |
|
|
|a From the UDN01
|
| AVA |
|
|
|a UDN50
|b LNN
|d 420.8 WA-R
|e available
|t Error 5001 Not defined in file expand_doc_bib_avail.
|f 1
|g 0
|h N
|i 0
|k 1
|
| TYP |
|
|
|a Monograph
|
| TYP |
|
|
|a Printed language
|
| 980 |
|
|
|a Mạng thư viện Đại học Đà Nẵng
|